1800 Mechanical Movements, Devices and Appliances / (Record no. 615172)

000 -LEADER
fixed length control field 00399nam a22001457a 4500
020 ## - INTERNATIONAL STANDARD BOOK NUMBER
International Standard Book Number 9780486457437
082 ## - DEWEY DECIMAL CLASSIFICATION NUMBER
Classification number 621.811
Author Mark HIS
100 ## - MAIN ENTRY--PERSONAL NAME
Personal name Hiscox, Gardner D.
245 ## - TITLE STATEMENT
Title 1800 Mechanical Movements, Devices and Appliances /
Statement of responsibility, etc. Gardner D. Hiscox
250 ## - EDITION STATEMENT
Edition statement 16th Edition
260 ## - PUBLICATION, DISTRIBUTION, ETC.
Place of publication, distribution, etc. New York;
Name of publisher, distributor, etc. Dover Publications,
Date of publication, distribution, etc. 2007.
300 ## - PHYSICAL DESCRIPTION
Extent 409p. ;
563 ## - BINDING INFORMATION
Binding note PB
942 ## - ADDED ENTRY ELEMENTS (KOHA)
Source of classification or shelving scheme
Koha item type Book
Holdings
Withdrawn status Lost status Source of classification or shelving scheme Damaged status Not for loan Permanent Location Current Location Shelving location Date acquired Total Checkouts Full call number Barcode Date last seen Price effective from Koha item type
          Central Library (CL) Central Library (CL) Lincoln Corner 10/15/2025   621.811 HIS LC-528 10/15/2025 10/15/2025 Book
© 2023 Central Library, National University of Sciences and Technology. All Rights Reserved.